000 01165nam a2200265Ia 4500
003 OSt
005 20221005211039.0
006 a|||||r|||| 00| 0
007 ta
008 220915b |||||||| |||| 00| 0 hin d
020 _a9788181436856 (hbk)
_c5000
024 _a254714
037 _b513, 08/03/2010, Vani Prakashan
_cReference Collections
040 _aARTS
_cARTS
_bhin
041 _2hin
_ahin
082 _aP152:3xM95, P8.1-.6 (RR)
100 _aवाजपेयी, किशोरीदास
_91672
245 0 _aपं. किशोरीदास वाजपेयी ग्रंथावली
246 _aPan. Kishorīdās vājapeyī granthāvalī
260 _aनई दिल्ली
_bवाणी प्रकाशन भारत
_c2008
490 _vभाग 1
700 _a विष्णुदत्त राकेश, संपा.
942 _hP152:3xM95, P8.1-.6 (RR)
_cREF
999 _c116035
_d116035